00707nam a2200241 a 4500001001300000003000900013005001700022008004100039020000800080082001700088100001600105245005000121260004000171300000900211500003500220505003900255650003100294700001600325902000800341942000700349952009400356999001500450nice12345678IN_TiNIC20260116011522.0050524s1939 pesa grp 000 0 eng  ac000a954.025bJAF aJaffar, S M aSome Cultural Aspects of Muslim Rule in India aPeshawarbS.Muhammad Khan Pubc1939 a252p aincludes index and biblioraphy2 aSelect Bibliography Table of Dates aHistory-Hellenistic Period1 aJaffar, S M bSRS cBK 00104070aHMIbHMId2005-05-24g0.00l0o954.025 JAFp930r2005-05-24w2026-01-16yARB c2243d2243